Normal view
MARC view
- Asiah Mahmood.
Entry Personal Name
001 - CONTROL NUMBER
- control field: 23873
003 - CONTROL NUMBER IDENTIFIER
- control field: NUST
005 - DATE AND TIME OF LATEST TRANSACTION
- control field: 20191014151936.0
008 - FIXED-LENGTH DATA ELEMENTS
- fixed length control field: 191014|| aca||aabn | a|a d
040 ## - CATALOGING SOURCE
- Original cataloging agency: NUST
- Transcribing agency: NUST
100 ## - HEADING--PERSONAL NAME
- Personal name: Asiah Mahmood.
670 ## - SOURCE DATA FOUND
- Source citation: Work cat.: (NUST)528178: Asiah Mahmood., Medical Device Interoperability Framework /, 2015.
